Implementación normativa paz con legalidad (Registro nro. 321636)
[ vista simple ]
| 000 -ENCABEZADO | |
|---|---|
| Número de control [NR] | 00803nam a22002177a 4500 |
| 005 - FECHA Y HORA DE LA ÚLTIMA TRANSACCIÓN | |
| control field | 20220831151351.0 |
| 008 - DE LONGITUD FIJA DE DATOS DE ELEMENTOS - INFORMACIÓN GENERAL | |
| Elementos de longitud fija [NR] | 220831s2022 ck |||gr|||| 00| 0 spa d |
| 020 ## - NUMERO INTERNACIONAL NORMALIZADO PARA LIBROS [R] | |
| Número Internacional Normalizado del libro [NR] | 9788411138697 |
| 040 ## - FUENTE DE CATALOGACION [NR] | |
| Agencia de catalogación original [NR] | CO-BoUCM |
| Idioma de catalogación [NR] | spa |
| Quien Cataloga | Deissy Garcia |
| Quien Clasifica | Deissy Garcia |
| 041 0# - CODIGO DE IDIOMA [R] | |
| Código de idioma para texto/pista de sonido o título separado [R] | Español |
| 110 1# - ASIENTO PRINCIPAL--NOMBRE CORPORATIVO [NR] | |
| Nombre corporativo o de jurisdicción como elemento de entrada [NR] | Colombia |
| Unidad subordinada [R] | Gobierno de Colombia |
| ID de autoridad | 175548 |
| 245 ## - MENCION DE TITULO [NR] | |
| Título [NR] | Implementación normativa paz con legalidad |
| Mención de responsabilidad, etc. [NR] | Gobierno de Colombia |
| 260 ## - PUBLICACION, DISTRIBUCION, ETC. (PIE DE IMPRENTA) [R] | |
| Lugar de publicación, distribución, etc. [R] | Bogotá |
| Nombre del editor, distribuidor, etc. [R] | Tirant lo blanch |
| Fecha de publicación, distribución, etc. [R] | 2022 |
| 300 ## - DESCRIPCION FISICA [R] | |
| Extensión [R] | 989 páginas |
| 650 #7 - ASIENTO SECUNDARIO DE MATERIA - TERMINO TEMATICO [R] | |
| Término temático o nombre geográfico como elemento de entrada [NR] | Paz |
| Subdivisión general [R] | Legislación |
| Subdivisión cronológica [R] | 2018-2022 |
| Subdivisión geográfica [R] | Colombia |
| 9 (RLIN) | 175549 |
| 650 #7 - ASIENTO SECUNDARIO DE MATERIA - TERMINO TEMATICO [R] | |
| Término temático o nombre geográfico como elemento de entrada [NR] | Paz |
| Subdivisión general [R] | Normas |
| Subdivisión geográfica [R] | Colombia |
| 9 (RLIN) | 175550 |
| 650 #7 - ASIENTO SECUNDARIO DE MATERIA - TERMINO TEMATICO [R] | |
| Término temático o nombre geográfico como elemento de entrada [NR] | Política gubernamental |
| Subdivisión cronológica [R] | 2018-2022 |
| Subdivisión geográfica [R] | Colombia |
| 9 (RLIN) | 175551 |
| 651 ## - ASIENTO SECUNDARIO DE MATERIA - NOMBRE GEOGRAFICO [R] | |
| Nombre geográfico [NR] | Colombia |
| Subdivisión general [R] | Política social |
| Subdivisión cronológica [R] | 2018-2022 |
| 9 (RLIN) | 175552 |
| 942 ## - ELEMENTOS DE ENTRADA AGREGADOS (KOHA) | |
| Sistema de clasificación | DEWEY |
| Tema principal | Ciencia política |
| Tipo de ítem principal el descrito en 300a | Libro |
| Edición | 1 |
| Clasificación | 320.6 |
| Parte restante de la signatura top. | C718p |
| Título oculto en OPAC | No |
| Signatura topográfica | Código de barras | Última vez visto | Ejemplar | Costo de reposición | Price effective from | Tipo de ítem | Perdido | Sistema de clasificación | Dañado | No prestable | Tipo de ítem específico | Suprimido | Ubicación habitual | Ubicación actual | Localización | Fecha de creación | Forma de adquisición | Costo |
|---|---|---|---|---|---|---|---|---|---|---|---|---|---|---|---|---|---|---|
| 320.6 C718p | 100170593 | 03/12/2025 | Ej.1 | 26000.00 | 31/08/2022 | Libro | DEWEY | Libro | Claustro | Claustro | 3er piso | 31/08/2022 | Donación | 0.00 |